000 00347nam a22001217a 4500
082 _a345.54910262
_bMUF
100 _aMufti, Qausain Faisal
245 _aThe Illegal Dispossession Act, 2005 /
_cQausain Faisal Mufti
260 _aLahore :
_bCapital Law Publishers,
_c2016.
300 _a209 p. ;
_c24 CM.
563 _aHB.
942 _2ddc
_cBK
999 _c615990
_d615990